000 00641nam a2200205 u 4500
005 20240228063944.0
008 080721s2005 r 000 0 eng d
020 _a9706503153
035 _aUPN01000157830
049 _aI
050 4 _aPZ71
_bW5.3
100 1 _aWilson, Sarah
245 1 4 _aUna buena siesta /
_cSarah Wilson ; il. por Akemi Gutiérrez ; tr. Rubén Heredia Vázquez.
260 _aMéxico :
_bMacMillan,
_c2005.
300 _a[27] p. :
_bprincipalmente il. col.
534 _pTítulo original:
_tA nap in a lap
650 4 _aLibros y lectura para niños
_92290
700 1 _aGutiérrez, Akemi,
_eil.
905 _aInfantil
999 _c129944
_d129944